000 00331nam a22001457a 4500
008 230123b ||||| |||| 00| 0 eng d
020 _a9780205246441
041 _aeng
080 _2SEVENTH EDDITION
_a34
082 _a34MAZ
100 _a31
101 _aJURE
245 _aLEARNING AND BEHAVIOR
_cMAZUR E J
942 _2udc
_cBK
999 _c59250
_d59250